เปลี่ยนเป็นภาษาไทย

Change to English
 แสดงรายละเอียดบรรณานุกรม
  กลับหน้าหลัก

Brief Record : Get Marc (ISO 2709) : E-mail record : QR code < ปิดหน้าต่าง
mysqli: Table './ulib62015/stat_globaluid' is marked as crashed and should be repaired
select id from stat_globaluid where statuid='20260517083249_1551' 
mysqli: Table './ulib62015/stat_globaluid' is marked as crashed and should be repaired
DELETE FROM stat_globaluid
			WHERE id NOT IN (
			  SELECT id
			  FROM (
				SELECT id
				FROM stat_globaluid
				ORDER BY id DESC
				LIMIT 100
			  ) foo
			); 
mysqli: Table './ulib62015/stat_globaluid' is marked as crashed and should be repaired
insert into stat_globaluid set
		statuid='20260517083249_1551',
		dt='1778981569',
		phpself='/ULIB62015/dublinfull.php',
		agent='Mozilla/5.0 AppleWebKit/537.36 (KHTML, like Gecko; compatible; ClaudeBot/1.0; +claudebot@anthropic.com)',
		yea='2026',
		mon='5',
		dat='17',
		ip='216.73.216.45'
		
		
mysqli: Table './ulib62015/stathist_viewbib_bib_type' is marked as crashed and should be repaired
insert into stathist_viewbib_bib_type set 
		dat='17' ,
		 mon='05' ,
		  yea='2026' ,
			 statuid='20260517083249_1551' ,
			 head='13399108253' ,
			 foot='marc' ,
			 dt='1778981569' 
		
LEADER : 00000nam 2200000uu 4500
008    111213s||||||||th 000 0 tha d
020    9789742361242
050  4 TR897.7^bศ326
100 0  ศักดิ์ระพี นิลพัทธ์
245 10 สร้างสื่ออนิเมชั่นด้วย Flash CS3 /^cศักดิ์ระพี นิลพัทธ์;[บรรณาธิการ ไพบูลย์ เปียศิริ]
250    พิมพ์ครั้งแรก
260    กรุงเทพฯ :^bพีเอ็นเอ็น กรุ๊ป,^c2551
300    336 หน้า :^bภาพประกอบ
650  7 แฟลช (โปรแกรมคอมพิวเตอร์)
650  7 คอมพิวเตอร์กราฟิก
650  7 การสร้างภาพเคลื่อนไหวด้วยคอมพิวเตอร์
700 0  ไพบูลย์ เปียศิริ,^eบรรณาธิการ
945    ^p155^l0^i016652
999    ^aยมมะณา จันทร์ฉิม
รายการนี้ยังไม่มีแท็ก
คุณยังไม่ได้ล็อกอิน คุณสามารถมีกิจกรรมร่วมกับเว็บไซต์ได้ แต่ต้องล็อกอินก่อน ::
  ล็อกอิน
  One Stop Service : ศูนย์ให้บริการแบบเบ็ดเสร็จ   จัดการหนังสือโปรด   แจ้งรายการบรรณานุกรมผิดพลาด
ลำดับที่ ประเภท เลขเรียก/บาร์โค้ด สถานที่ สถานะ
1. หนังสือ
หนังสือ
TR897.7 ศ326  
  Barcode: 016652
หนังสือทั่วไป บนชั้น
  ขอยืม

รายการใกล้เคียง
    ผู้แต่ง [ศักดิ์ระพี นิลพัทธ์]

    หัวเรื่อง [แฟลช (โปรแกรมคอมพิวเตอร์)]
    หัวเรื่อง [คอมพิวเตอร์กราฟิก]
    หัวเรื่อง [การสร้างภาพเคลื่อนไหวด้วยคอมพิวเตอร์]

BibComment


ยังไม่เคยถูกคอมเมนท์

คอมเมนท์ทรัพยากรรายการนี้
  คอมเมนท์: สร้างสื่ออนิเมชั่..
Bib 13399108253

 
 
 

 Union Library Management : ULibM
Copyright 2026. All Rights Reserved.